000 01343nam a2200337 a 4500
001 ebr10475803
003 CaPaEBR
006 m u
007 cr cn|||||||||
008 900119s1989 enka sb 001 0 eng d
010 _z 90106091
020 _z0946439559
020 _z9780946439553
020 _z9781849400701 (e-book)
040 _aCaPaEBR
_cCaPaEBR
035 _a(OCoLC)729246120
050 1 4 _aBF175.5.O33
_bB75 1989eb
100 1 _aBritton, Ronald.
245 1 4 _aThe Oedipus complex today
_h[electronic resource] :
_bclinical implications /
_cRonald Britton, Michael Feldman, and Edna O'Shaughnessy ; edited by John Steiner ; with an introduction by Hanna Segal.
260 _aLondon :
_bKarnac Books,
_cc1989.
300 _avii, 152 p. :
_bill.
504 _aIncludes bibliographical references and index.
533 _aElectronic reproduction.
_bPalo Alto, Calif. :
_cebrary,
_d2013.
_nAvailable via World Wide Web.
_nAccess may be limited to ebrary affiliated libraries.
650 0 _aOedipus complex.
655 7 _aElectronic books.
_2local
700 1 _aFeldman, Michael.
700 1 _aO'Shaughnessy, Edna.
700 1 _aSteiner, John.
710 2 _aebrary, Inc.
856 4 0 _uhttp://site.ebrary.com/lib/rucke/Doc?id=10475803
_zAn electronic book accessible through the World Wide Web; click to view
999 _c115660
_d115660